KOHA-Header-6

Physics for Engineers (Record no. 12404)

000 -LEADER
fixed length control field 00401nam a2200169Ia 4500
003 - CONTROL NUMBER IDENTIFIER
control field OSt
005 - DATE AND TIME OF LATEST TRANSACTION
control field 20200603111808.0
008 - FIXED-LENGTH DATA ELEMENTS--GENERAL INFORMATION
fixed length control field 190723s9999 xx 000 0 und d
020 ## - INTERNATIONAL STANDARD BOOK NUMBER
International Standard Book Number 978-81-224-2603-8
040 ## - CATALOGING SOURCE
Transcribing agency MAJU
100 ## - MAIN ENTRY--PERSONAL NAME
Personal name M.R.Srinivasan
245 #0 - TITLE STATEMENT
Title Physics for Engineers
250 ## - EDITION STATEMENT
Edition statement 2rd
260 ## - PUBLICATION, DISTRIBUTION, ETC. (IMPRINT)
Place of publication, distribution, etc New Delhi
Name of publisher, distributor, etc New Age International
Date of publication, distribution, etc 2013
300 ## - PHYSICAL DESCRIPTION
Extent 736
942 ## - ADDED ENTRY ELEMENTS (KOHA)
Koha item type Books
Source of classification or shelving scheme
Holdings
Withdrawn status Lost status Source of classification or shelving scheme Damaged status Not for loan Collection code Permanent Location Current Location Shelving location Date acquired Full call number Barcode Date last seen Price effective from Koha item type
          Physics MAJU MAJU Shelf No.B31 2020-06-03 530.2 7938 2020-06-03 2020-06-03 Physics

Powered by Koha